LEADER 00814nam0-22002771i-450 001 990004388850403321 005 20260324133228.0 010 $a0-19-514863-0 035 $a000438885 100 $a19990604d2002----km-y0itay50------ba 101 0 $aeng 102 $aGB 105 $ay-------001yy 200 1 $aBetween exaltation and infamy$efemale mystics in the golden age of Spain$fStephen Haliczer 210 $aOxford$cOxford University press$d2002 215 $a349 p.$d24 cm 610 0 $aMisticismo$aSpagna$aSec.16. 676 $a248.2$v21$zita 700 1$aHaliczer,$bStephen$0176527 801 0$aIT$bUNINA$gRICA$2UNIMARC 901 $aBK 912 $a990004388850403321 952 $a860.99287 HALS 01$b48785$fFLFBC 959 $aFLFBC 996 $aBetween exaltation and infamy$9542938 997 $aUNINA